<?xml version="1.0" encoding="UTF-8"?>
<record
    xmlns:xsi="http://www.w3.org/2001/XMLSchema-instance"
    xsi:schemaLocation="http://www.loc.gov/MARC21/slim http://www.loc.gov/standards/marcxml/schema/MARC21slim.xsd"
    xmlns="http://www.loc.gov/MARC21/slim">

  <leader>01615nam a2200205Ia 4500</leader>
  <datafield tag="952" ind1=" " ind2=" ">
    <subfield code="0">0</subfield>
    <subfield code="1">0</subfield>
    <subfield code="4">0</subfield>
    <subfield code="7">0</subfield>
    <subfield code="a">03</subfield>
    <subfield code="b">03</subfield>
    <subfield code="d">2011-05-16</subfield>
    <subfield code="l">21</subfield>
    <subfield code="o">LC4015 B37 2003</subfield>
    <subfield code="p">03 005095</subfield>
    <subfield code="r">2019-07-11</subfield>
    <subfield code="s">2019-07-10</subfield>
    <subfield code="t">1</subfield>
    <subfield code="w">2012-07-20</subfield>
    <subfield code="y">LB</subfield>
  </datafield>
  <datafield tag="999" ind1=" " ind2=" ">
    <subfield code="c">78547</subfield>
    <subfield code="d">78547</subfield>
  </datafield>
  <controlfield tag="008">120720s2003    sp a          000 0 spa d</controlfield>
  <datafield tag="020" ind1=" " ind2=" ">
    <subfield code="a">8497422260 </subfield>
  </datafield>
  <datafield tag="050" ind1=" " ind2=" ">
    <subfield code="a">LC4015 </subfield>
    <subfield code="b">B37 2003</subfield>
  </datafield>
  <datafield tag="245" ind1=" " ind2=" ">
    <subfield code="a">Bases Pedag&#xF3;gicas de la Educaci&#xF3;n Especial</subfield>
    <subfield code="b"> : Manual para la formaci&#xF3;n </subfield>
    <subfield code="c"> / Rufino Cano Gonz&#xE1;lez, coordinador ; Narciso Garc&#xED;a Nieto [et.al] </subfield>
  </datafield>
  <datafield tag="260" ind1=" " ind2=" ">
    <subfield code="a">Espa&#xF1;a</subfield>
    <subfield code="b"> : Biblioteca Nueva</subfield>
    <subfield code="c">, 2003</subfield>
  </datafield>
  <datafield tag="300" ind1=" " ind2=" ">
    <subfield code="a">387 p&#xE1;ginas</subfield>
    <subfield code="b"> : ilustraciones</subfield>
  </datafield>
  <datafield tag="336" ind1=" " ind2=" ">
    <subfield code="a">texto</subfield>
  </datafield>
  <datafield tag="337" ind1=" " ind2=" ">
    <subfield code="a">sin medio</subfield>
  </datafield>
  <datafield tag="338" ind1=" " ind2=" ">
    <subfield code="a">volumen</subfield>
  </datafield>
  <datafield tag="505" ind1=" " ind2=" ">
    <subfield code="a">Concepto, evoluci&#xF3;n hist&#xF3;rica y desarrollo de la educaci&#xF3;n especial
Planteamientos organizativos de la educaci&#xF3;n especial y modalidades de integraci&#xF3;n en la escuela ordinaria
La respuesta educativa a la diversidad
Necesidades educativas especiales en alumnos conn dificultades de aprendizaje
Necesidades educativas especiales asociadas a excepcionalidades f&#xED;sicas, biol&#xF3;gicas y ps&#xED;quicas
&#xC1;mbitos espec&#xED;ficos de las dificultades del aprendizaje
El apoyo educativo a la integraci&#xF3;n en los centros escolares
Acciones de intervenci&#xF3;n educativa que fvorecen en desarrrollo personal y el parendizaje de los alumnos con necesidades educativas especiales
Atenci&#xF3;n e intervenci&#xF3;n con las familias de personas con necesidades educativas especiales
Panorama internacional de la integraci&#xF3;n escolar
Fuentes documentales y legilslaci&#xF3;n b&#xE1;sica en educaci&#xF3;n especial
  
</subfield>
  </datafield>
  <datafield tag="519" ind1=" " ind2=" ">
    <subfield code="a">Plan Flexible /</subfield>
    <subfield code="b">Pedagog&#xED;a /</subfield>
    <subfield code="c">Sistemas de Educaci&#xF3;n Especial II (P07-1) /</subfield>
    <subfield code="d">(03 005095)</subfield>
  </datafield>
  <datafield tag="650" ind1="1" ind2="0">
    <subfield code="a">EDUCACION ESPECIAL</subfield>
    <subfield code="v">NI&#xD1;OS</subfield>
    <subfield code="9">38543</subfield>
  </datafield>
  <datafield tag="700" ind1=" " ind2=" ">
    <subfield code="a">Garcia Nieto, Narciso</subfield>
    <subfield code="e">autor</subfield>
  </datafield>
  <datafield tag="942" ind1=" " ind2=" ">
    <subfield code="c">LB</subfield>
  </datafield>
</record>
